000 00816nam a2200265Ia 4500
003 OSt
005 20220930083138.0
006 a|||||r|||| 00| 0
007 ta
008 220926b |||||||| |||| 00| 0 eng d
024 _a74273
037 _cTheses
040 _aCRL
_cCRL
_beng
041 _2eng
_aeng
100 _aDeshwal Rajesh
_9533848
110 _aUniversity of Delhi. Faculty of Medical Sciences. Department of Medicine
245 0 _aEvaluation of pancytopenia with special reference to bone marrow examination
260 _c2002
300 _avp
_ap.
_ccm.
650 _aMEDICINE
700 _a Rajat Kumar Gu.
_9533849
700 _aUniversity of Delhi. Faculty of Medical Sciences. Department of Medicine
942 _cDIS
_2CC
999 _c874714
_d874714